000 00804nam a22002057a 4500
999 _c8249
_d8249
003 AR-CdUCM
008 190322b ||||| |||| 00| 0 spa d
040 _aMUNICIPALIDAD PROVINCIAL DEL CUSCO
_cBIBLIOTECA MUNICIPAL DEL CUSCO
082 _a970.0063 /
_bA37
100 _aAlcina Franch, José
_923215
245 _aBibliografía básica de arqueología americana /
260 _aMadrid :
_bInstituto de Cooperación Iberoamericana : Eds. Cultura Hispánica,
_c1985.
300 _a475 páginas ;
_c24 cm.
505 _aContenido : La arqueología y sus métodos -- Arqueología americana. Generalidades -- Paleolítico -- Norteamérica -- Culturas esquimales...
650 _aarqueología
_9371
650 _aCultura
_9126
650 _aBibliografía
_9729
942 _2ddc
_cLIBROS
945 _admma